| 000 | 00684cam a2200241 4500 | ||
|---|---|---|---|
| 001 | J600 | ||
| 008 | 090401t1992 xxu||||| |||| 00| 0 eng d | ||
| 035 | _a(Sirsi) u75687 | ||
| 041 | _aeng | ||
| 050 | _a913.031028 | ||
| 110 |
_aCountry Landowners' Association _92816 |
||
| 245 | _aMetal detecting. | ||
| 260 |
_aLondon _bCountry Landowners Association _c1992 |
||
| 300 | _a11p ; 21cm. | ||
| 350 | _a0 | ||
| 520 | _aReplaces Chapter 6 of Advisory Handbook, A1/90, Access to Land and Rights of Way, February 1990 q.v. | ||
| 650 | _aARCHAEOLOGICAL SITES | ||
| 650 | _aLICENCES | ||
| 650 | _aMETAL DETECTORS | ||
| 690 | _aRURAL PRACTICE | ||
| 942 | _n0 | ||
| 948 | _c04/03/1997 | ||
| 999 |
_c96066 _d96066 |
||